Nintendo characters and franchises - Statistics

General Stats
  • This quiz has been taken 327 times
  • The average score is 11 of 20
Answer Stats
Hint Answer % Correct
Luigi Super Mario
99%
Charizard Pokémon
92%
King K. Rool Donkey Kong
87%
Midna The Legend of Zelda
83%
Slippy Toad Star Fox
78%
Kraid Metroid
76%
Palutena Kid Icarus
71%
K.K. Rider Animal Crossing
67%
Doc Louis Punch Out!!
67%
Samurai Goroh F-Zero
57%
Giygas Mother
56%
Kamek Yoshi
52%
Tharja Fire Emblem
50%
Bulborb Pikmin
49%
Popo Ice Climber
47%
Ancient Minister Super Smash Bros.
36%
Jimmy T WarioWare, Inc.
30%
Monita Nintendo Land
21%
Mike Jones StarTropics
12%
Takamaru Nazo no Murasame-Jou
4%
No matching quizzes found
Score Distribution
Percent of People with Each Score
Percentile by Number Answered
Your Score History
You have not taken this quiz